00285nam a2200109 a 4500008004100000050001500041100002500056245005700081246001900138260000900157350000900166120416s1918 xx |||||||||||||| || u aTS 653 Gab aGabe, Dina Rufinovna10aPrinciples of metal surface treatment and protection aDina Rufinovna c1918 a0.00